Central Library OPAC University of Rajshahi

The fields of light : (Record no. 45300)

MARC details
000 -LEADER
fixed length control field 00735cam a22002411 4500
001 - CONTROL NUMBER
control field 45300
003 - CONTROL NUMBER IDENTIFIER
rucl marc code BD-RjUL
005 - DATE AND TIME OF LATEST TRANSACTION
control field 20211209054007.0
008 - FIXED-LENGTH DATA ELEMENTS--GENERAL INFORMATION
fixed length control field 160725s1951 nyu 000 0 eng
035 ## - SYSTEM CONTROL NUMBER
System control number (BD-RjUL)45418
System control number (OCoLC)325910
040 ## - CATALOGING SOURCE
Original cataloging agency DLC
Transcribing agency ODaWU
Modifying agency OCoLC
-- Uk
-- DLC
Language of cataloging eng
041 ## - LANGUAGE CODE
Language code of text/sound track or separate title eng
082 ## - DEWEY DECIMAL CLASSIFICATION NUMBER
Classification number 809
Author mark and year BRF 1953
100 1# - MAIN ENTRY--PERSONAL NAME
Personal name Brower, Reuben A.
Fuller form of name (Reuben Arthur),
Dates associated with a name 1908-1975.
9 (RLIN) 138758
245 14 - TITLE STATEMENT
Title The fields of light :
Remainder of title an experiment in critical reading /
Statement of responsibility, etc. Reuben A. Brower
260 ## - PUBLICATION, DISTRIBUTION, ETC. (IMPRINT)
Place of publication, distribution, etc. New York :
Name of publisher, distributor, etc. Oxford University Press,
Date of publication, distribution, etc. 1951.
300 ## - PHYSICAL DESCRIPTION
Pagination 218 p. ;
Size 20 cm.
650 #0 - SUBJECT ADDED ENTRY--TOPICAL TERM
Topical term or geographic name as entry element Reading.
9 (RLIN) 138699
Topical term or geographic name as entry element Literature
General subdivision History and criticism.
9 (RLIN) 138759
942 ## - ADDED ENTRY ELEMENTS (KOHA)
Source of classification or shelving scheme Dewey Decimal Classification
Koha item type Books
Holdings
Lost status Source of classification or shelving scheme Damaged status Not for loan Collection code Permanent Location Current Location Shelving location Date acquired Source of acquisition Cost, normal purchase price Total Checkouts Full call number Date last seen Copy number Koha item type
  Dewey Decimal Classification     Non-fiction Central Library, University of Rajshahi Central Library, University of Rajshahi   07/08/1955 OUP 14.00   809 BRF 1953 25/07/2016 C-2 Books